00337nam a22001097a 4500082002300000100003100023245005400054260005600108300001800164526003700182650000800219 a519bJANcL-3, P-5 aHerbert Drury Harper BS MA aHandbook of applied mathematicscMartin E jansson aUSAbD Van Nostrand Company 250 Fourth Avenuec1936 aP-1010bIllus a0b0c0d519_000000000000000_JAN aMCE